000 00496nam a2200193 a 4500
001 1772713886147
003 YourLibrary
005 20260305180324.0
008 260305s2009##################000#0#eng##
020 _a9781906497378
082 0 4 _a327 7291
_bGLE
100 1 _aGleijeses, Piero,
_eauthor.
245 1 0 _aThe Cuban Drumbeat :
260 _bSeagull Books Pvt Ltd,
_c2009.
300 _a116 pages
650 0 _aHistory.
942 _cENGLISH
040 _aYourLibrary
_beng
_cYourLibrary
999 _c617117
_d617117